Nový Zákon o označeniach pôvodu výrobkov a zemepisných označeniach výrobkov novelizované zákony s dôvodovými správami v úplnom znení
Salvato in:
| Natura: | Libro |
|---|---|
| Lingua: | slovacco |
| Pubblicazione: |
Bratislava
EPOS
2003
|
| Soggetti: | |
| Tags: |
Nessun Tag, puoi essere il primo ad aggiungerne!!
|
MARC
| LEADER | 00000nam$a2200000$$$4500 | ||
|---|---|---|---|
| 001 | 0022393 | ||
| 005 | 20240104095000.6 | ||
| 022 | |a 1335-9517 | ||
| 041 | 0 | |a slo | |
| 044 | |a SK | ||
| 245 | 1 | 0 | |a Nový Zákon o označeniach pôvodu výrobkov a zemepisných označeniach výrobkov |b novelizované zákony s dôvodovými správami v úplnom znení |
| 264 | 1 | |a Bratislava |b EPOS |c 2003 | |
| 300 | |a 48 s. | ||
| 610 | 2 | 0 | |a legislatíva |
| 610 | 2 | 0 | |a predpisy právne |
| 610 | 2 | 0 | |a výrobky |
| 610 | 2 | 0 | |a označovanie tovarov |
| 610 | 2 | 0 | |a Slovensko |
| 610 | 2 | 0 | |a 2003 |